Rǧimen Jurd̕ico del Patrimonio Personal del Religioso consideraciones cann̤icas y civiles /

Detalles Bibliográficos
Autor principal: Leal Adorna, Mara̕ del Mar
Formato: Desconocido
Lenguaje:español
Publicado: Madrid : Dykinson, 2009
Materias:
Acceso en línea:Acceso restringido

MARC

LEADER 00000ny a22000003n 4500
005 20110607142720.0
008 100514s2009 sp e 000 0 spa d
020 |a 9788498497069 
035 |a 4930 
040 |a BRCM  |d vLex 
080 |a 348.73(460) 
090 |c 550  |d 550 
100 |a Leal Adorna, Mara̕ del Mar 
245 0 0 |a Rǧimen Jurd̕ico del Patrimonio Personal del Religioso  |h [Recurso electrn̤ico]  |b consideraciones cann̤icas y civiles /  |c Maria del Mar Leal Adorna 
256 |a Servicio en ln̕ea 
260 |a Madrid :  |b Dykinson,  |c 2009 
300 |a 208 p. ;  |c 24 cm 
506 1 |a Contenido solo disponible en los productos indicados  |d vLex Global  |d vLex Global (Academic Edition, excluding Law Schools)  |d vLex Global (U.S. Academic Edition, Law Schools)  |d vLex Global (U.S. Academic Edition, excluding Law Schools)  |d vLex Global (Academic Edition, Law Schools) 
650 0 4 |a Bienes eclesis̀ticos (Derecho cann̤ico)  
650 0 4 |a Bienes eclesis̀ticos  |z Espaą  
740 0 |a vLex Libros (Servicios en ln̕ea) 
856 4 0 |u http://vlex.com/source/4930  |z Acceso restringido 
942 |c BOOK 
999 0 |a Canon law  |b Madrid